000 00286nam a22001337a 4500
008 170621b xxu||||| |||| 00| 0 eng d
020 _a0195029836
041 _aeng
080 _a94(7/8)
100 _a16
101 _aSHH
245 _aWOMEN'S AMERICA
_cKERBER,L.K
942 _2udc
_cBK
999 _c18547
_d18547